1999: NFL Teams with the Most Points - Statistics

General Stats
  • This quiz has been taken 19 times
  • The average score is 8 of 10
Answer Stats
Number of points NFL Team % Correct
526 St. Louis Rams
94%
357 Green Bay Packers
88%
396 Jacksonville Jaguars
88%
399 Minnesota Vikings
88%
390 Oakland Raiders
88%
423 Indianapolis Colts
81%
392 Tennessee Titans
81%
390 Kansas City Chiefs
75%
443 Washington Redskins
75%
421 Carolina Panthers
69%
No matching quizzes found
Score Distribution
Percent of People with Each Score
Percentile by Number Answered
Your Score History
You have not taken this quiz